[Event "Montreal CC-ch"]
[Site "Montreal CAN"]
[Date "2019.06.09"]
[Round "4.7"]
[White "Pomerantz, Daniel"]
[Black "Kozlov, Guennadi"]
[Result "1-0"]
[WhiteElo "2191"]
[BlackElo "1717"]
[PlyCount "131"]
[EventDate "2019.06.07"]
[EventType "swiss"]
[EventRounds "5"]
[EventCountry "CAN"]

1. e4 e6 2. d4 d5 3. Nd2 dxe4 4. Nxe4 Nd7 5. Nf3 Ndf6 6. Bd3 Nxe4 7. Bxe4 Nf6
8. Bd3 c5 9. O-O cxd4 10. Nxd4 Be7 11. c3 O-O 12. Qe2 a6 13. Bf4 Bd6 14. Bg5
Be7 15. Rfe1 Nd5 16. Bd2 Re8 17. Rad1 Bd7 18. Qe4 g6 19. Nf3 Bc6 20. Ne5 Nb4
21. Nxc6 Nxc6 22. Be3 Qc7 23. h4 Bf6 24. h5 Qe5 25. hxg6 hxg6 26. Qg4 Qh5 27.
Qxh5 gxh5 28. Be2 h4 29. Rd7 Re7 30. Red1 Ne5 31. Rxe7 Bxe7 32. f4 Ng6 33. Rd7
b5 34. Kf2 b4 35. c4 a5 36. Bd3 Bf6 37. Be4 Rc8 38. b3 a4 39. Kf3 axb3 40. axb3
Kg7 41. Rb7 Bc3 42. Bb6 Bd2 43. Be3 Bc3 44. c5 Kf6 45. Kg4 Ne7 46. Bf2 Nc6 47.
Bxh4+ Kg7 48. Bxc6 Rxc6 49. Bf2 Kg6 50. Rb6 Rc7 51. c6 f5+ 52. Kf3 Bf6 53. Bc5
Rc8 54. Bd6 Bd8 55. c7 Bxc7 56. Rc6 Rd8 57. Bxc7 Rd3+ 58. Kf2 Rxb3 59. Rxe6+
Kf7 60. Rb6 Rb2+ 61. Kg3 b3 62. Be5 Rb1 63. Kh4 Rg1 64. g3 Rh1+ 65. Kg5 Rg1 66.
Rxb3 1-0

[Event "Montreal CC-ch"]
[Site "Montreal CAN"]
[Date "2019.06.09"]
[Round "4.8"]
[White "Khudaverdian, Berj"]
[Black "Mok, Yuen Tak"]
[Result "0-1"]
[WhiteElo "1701"]
[BlackElo "2017"]
[PlyCount "92"]
[EventDate "2019.06.07"]
[EventType "swiss"]
[EventRounds "5"]
[EventCountry "CAN"]

1. c4 c6 2. Nf3 d5 3. d4 e6 4. Nc3 dxc4 5. a4 Bb4 6. Ne5 b5 7. e3 Nf6 8. Qf3
Qd5 9. Bd2 Bxc3 10. Bxc3 O-O 11. Be2 Bb7 12. O-O Qxf3 13. Bxf3 Nd5 14. axb5
cxb5 15. Ra5 a6 16. h4 f6 17. Ng4 Nc6 18. Bxd5 exd5 19. Raa1 Rfe8 20. Bd2 h5
21. Nh2 Kf7 22. Rfc1 Rac8 23. Nf1 g5 24. Ng3 Kg6 25. hxg5 fxg5 26. Ne2 b4 27.
g3 a5 28. f4 g4 29. Kf2 Kf5 30. Rh1 Rh8 31. Rh4 Rh7 32. Rah1 Rch8 33. Ra1 Ba6
34. Ra2 Bb5 35. Rh1 a4 36. Rha1 h4 37. Rxa4 Bxa4 38. Rxa4 h3 39. Kg1 h2+ 40.
Kh1 Ke4 41. Bxb4 Nxb4 42. Nc3+ Kf3 43. Rxb4 Ra7 44. Na4 Kxg3 45. e4 Kh3 46. b3
g3 0-1

[Event "Montreal CC-ch"]
[Site "Montreal CAN"]
[Date "2019.06.09"]
[Round "4.9"]
[White "Nesterov, Timour"]
[Black "Allaire, Denis"]
[Result "1-0"]
[WhiteElo "1911"]
[BlackElo "1694"]
[PlyCount "85"]
[EventDate "2019.06.07"]
[EventType "swiss"]
[EventRounds "5"]
[EventCountry "CAN"]

1. d4 d5 2. Bf4 Bf5 3. e3 Nc6 4. Nf3 Nf6 5. Bd3 Bxd3 6. Qxd3 g6 7. h3 a6 8. O-O
Bg7 9. c4 O-O 10. cxd5 Nxd5 11. Bg3 Ncb4 12. Qb3 a5 13. a3 a4 14. Qc4 Nc6 15.
Nc3 Nb6 16. Qe2 Na5 17. Rac1 c6 18. Ne4 Nb3 19. Rc2 Nd7 20. Rd1 Qa5 21. Ned2
Nxd2 22. Nxd2 e5 23. Nc4 Qc7 24. dxe5 Nxe5 25. Rcd2 b5 26. Nxe5 Bxe5 27. Rd7
Qb8 28. Bxe5 Qxe5 29. R1d2 Rfe8 30. Qf3 Re7 31. Qxc6 Rb8 32. R7d5 Re6 33. Qd7
Qe4 34. Rxb5 Rxb5 35. Qxb5 Re5 36. Qb8+ Kg7 37. Qd6 Qb1+ 38. Kh2 Qf5 39. Qd4 f6
40. Qxa4 Rd5 41. Qa7+ Kh6 42. Rxd5 Qxd5 43. Qd4 1-0

[Event "Montreal CC-ch"]
[Site "Montreal CAN"]
[Date "2019.06.09"]
[Round "4.10"]
[White "Zhang, Chu Hang"]
[Black "Kay, Sang Kil"]
[Result "1-0"]
[WhiteElo "1907"]
[BlackElo "1678"]
[PlyCount "111"]
[EventDate "2019.06.07"]
[EventType "swiss"]
[EventRounds "5"]
[EventCountry "CAN"]

1. d4 Nf6 2. g3 g6 3. Bg2 Bg7 4. Nf3 O-O 5. O-O d6 6. c4 Nbd7 7. Nc3 e5 8. e4
Ne8 9. d5 f5 10. Ng5 Ndf6 11. f4 h6 12. Ne6 Bxe6 13. dxe6 fxe4 14. fxe5 Nh7 15.
Bxe4 g5 16. Rf7 dxe5 17. Qf3 Qd6 18. Nb5 Qc5+ 19. Be3 Qxc4 20. Bxh7+ Kxh7 21.
Rxf8 Qxe6 22. Qf5+ Qxf5 23. Rxf5 a6 24. Nc3 Nd6 25. Rf2 b6 26. Nd5 Nc4 27. b3
e4 28. Rc1 Nxe3 29. Nxe3 Bd4 30. Re2 c5 31. Kg2 Kg6 32. Nc2 Re8 33. Nxd4 cxd4
34. Rd1 d3 35. Rxd3 Rc8 36. Rde3 Rc6 37. Rxe4 Kf5 38. g4+ Kf6 39. Kg3 b5 40. a4
bxa4 41. Rf2+ Kg6 42. Rxa4 Kg7 43. Rf3 Rd6 44. h4 Rb6 45. b4 Kg6 46. Rfa3 a5
47. bxa5 Ra6 48. Rb3 Kg7 49. Rb6 Ra8 50. a6 Rd8 51. Ra3 Rd1 52. a7 Rg1+ 53. Kh2
Rxg4 54. a8=Q Rxh4+ 55. Kg3 Rf4 56. Ra7+ 1-0

[Event "Montreal CC-ch"]
[Site "Montreal CAN"]
[Date "2019.06.09"]
[Round "4.11"]
[White "Nica, Ion"]
[Black "Barko, Maxim"]
[Result "1/2-1/2"]
[WhiteElo "1661"]
[BlackElo "1863"]
[PlyCount "39"]
[EventDate "2019.06.07"]
[EventType "swiss"]
[EventRounds "5"]
[EventCountry "CAN"]

1. b3 e5 2. Bb2 d6 3. e3 Nf6 4. Be2 g6 5. d3 Bg7 6. Nd2 O-O 7. h4 h5 8. f3 Nd5
9. Nf1 f5 10. Qd2 Bf6 11. c4 Nb6 12. g3 f4 13. O-O-O fxg3 14. Nxg3 Bxh4 15. Ne4
Bf5 16. Nh3 N8d7 17. Rdg1 Bxe4 18. fxe4 Kf7 19. Qd1 Nf6 20. Qf1 1/2-1/2

[Event "Montreal CC-ch"]
[Site "Montreal CAN"]
[Date "2019.06.09"]
[Round "4.13"]
[White "Bilodeau-Savaria, Sandy-Rose"]
[Black "Sekki, Abderaouf"]
[Result "0-1"]
[WhiteElo "1319"]
[BlackElo "1724"]
[PlyCount "132"]
[EventDate "2019.06.07"]
[EventType "swiss"]
[EventRounds "5"]
[EventCountry "CAN"]

1. d4 f5 2. c4 Nf6 3. Nf3 g6 4. Nc3 Bg7 5. e3 d6 6. Bd3 O-O 7. O-O e6 8. Re1
Nc6 9. a3 e5 10. dxe5 dxe5 11. e4 f4 12. c5 Be6 13. Ng5 Qe7 14. Nxe6 Qxe6 15.
b4 Nd4 16. Bb2 c6 17. Ne2 Nxe2+ 18. Qxe2 Kh8 19. Bc4 Qe7 20. Rad1 Rad8 21. f3
g5 22. Rxd8 Rxd8 23. Rd1 Ne8 24. Rxd8 Qxd8 25. Kf2 Nc7 26. a4 Qe7 27. Qd3 Ne8
28. Qa3 g4 29. g3 Qg5 30. Qd3 Qh5 31. Qd7 fxg3+ 32. hxg3 Qh2+ 33. Kf1 Qh1+ 34.
Kf2 Qxf3+ 35. Ke1 Qxg3+ 36. Kd1 Qf3+ 37. Be2 Qb3+ 38. Ke1 Qxb4+ 39. Kf1 Nf6 40.
Qd8+ Ng8 41. Bxg4 Qxc5 42. Be6 Qf8+ 43. Qxf8 Bxf8 44. Bxe5+ Bg7 45. Bd6 Nf6 46.
e5 Ne8 47. Bb8 Bf8 48. Bxa7 Nc7 49. Bf7 Kg7 50. Bc4 b5 51. axb5 cxb5 52. Bb3
Be7 53. Ke2 h5 54. Kf3 Kh6 55. Be3+ Bg5 56. e6 Bxe3 57. Kxe3 Kg6 58. Kf4 Kf6
59. Ke4 Nxe6 60. Bd1 h4 61. Kd5 h3 62. Bg4 Nc7+ 63. Kc6 h2 64. Bf3 b4 65. Kc5
b3 66. Kc4 b2 0-1

[Event "Montreal CC-ch"]
[Site "Montreal CAN"]
[Date "2019.06.09"]
[Round "5.2"]
[White "Zhong, Kevin"]
[Black "Rodrigue-Lemieux, Shawn"]
[Result "0-1"]
[WhiteElo "2193"]
[BlackElo "2391"]
[PlyCount "142"]
[EventDate "2019.06.07"]
[EventType "swiss"]
[EventRounds "5"]
[EventCountry "CAN"]

1. e4 d5 2. exd5 Qxd5 3. Nc3 Qa5 4. d4 Nf6 5. Bd2 c6 6. Bc4 Bf5 7. Nf3 e6 8.
Nd5 Qd8 9. Nxf6+ gxf6 10. Bb3 Nd7 11. Qe2 Qc7 12. O-O-O O-O-O 13. Nh4 Bg6 14.
g3 Bd6 15. Ng2 c5 16. Bc3 cxd4 17. Bxd4 Kb8 18. Ne3 Rc8 19. Nc4 Bb4 20. c3 Be7
21. Ne3 Rhe8 22. Ba4 Rcd8 23. Qc4 Qxc4 24. Nxc4 Be4 25. Rhe1 Bd5 26. Ne3 Bc6
27. Bxc6 bxc6 28. Nc4 Kc7 29. Rd2 Nb6 30. Nxb6 axb6 31. Red1 c5 32. Be3 Rxd2
33. Rxd2 Bd6 34. Kc2 Rg8 35. Kd3 h5 36. h4 Rg4 37. Ke2 f5 38. Bg5 Ra4 39. a3
Ra8 40. Kf3 b5 41. Re2 e5 42. Kg2 Kd7 43. Bd2 f6 44. f4 Rg8 45. Kf3 Ke6 46. b3
Kd5 47. Be3 Rc8 48. Rd2+ Kc6 49. Ra2 Ra8 50. Ra1 Bc7 51. a4 bxa4 52. bxa4 Ba5
53. c4 Rb8 54. Rd1 e4+ 55. Kf2 Rb2+ 56. Kf1 Rb3 57. Ke2 Rb2+ 58. Kf1 Rb3 59.
Ke2 Rb2+ 60. Kf1 Bc3 61. Rd5 Bd4 62. Bxd4 cxd4 63. Rxd4 Kc5 64. Rd5+ Kxc4 65.
Rxf5 Kd3 66. Rxf6 Ke3 67. Rd6 Kf3 68. Ke1 e3 69. f5 Rb1+ 70. Rd1 Rxd1+ 71. Kxd1
Kf2 0-1

[Event "Montreal CC-ch"]
[Site "Montreal CAN"]
[Date "2019.06.09"]
[Round "5.3"]
[White "Mok, Yuen Tak"]
[Black "Saha, Ananda"]
[Result "0-1"]
[WhiteElo "2017"]
[BlackElo "2273"]
[PlyCount "82"]
[EventDate "2019.06.07"]
[EventType "swiss"]
[EventRounds "5"]
[EventCountry "CAN"]

1. e4 c5 2. c3 d5 3. exd5 Nf6 4. d4 Nxd5 5. dxc5 e6 6. Nf3 Bxc5 7. Bd3 Nc6 8.
O-O h6 9. Na3 Bxa3 10. bxa3 Qf6 11. Bb2 Nf4 12. Be4 O-O 13. Qc2 e5 14. Rfe1 Re8
15. c4 Bg4 16. Bxc6 Qxc6 17. Qe4 Bxf3 18. gxf3 Qf6 19. Kh1 Nh3 20. Re2 Ng5 21.
Qg4 Nxf3 22. Rd1 Nh4 23. Rxe5 Rxe5 24. Bxe5 Qc6+ 25. Rd5 Ng6 26. Bc3 Rd8 27.
Qd4 f6 28. Kg1 Rxd5 29. cxd5 Qd7 30. d6 b6 31. Qc4+ Kh7 32. Qc7 Qg4+ 33. Kf1
Nf4 34. Qc4 Qd1+ 35. Be1 Qxd6 36. Qe4+ Ng6 37. h4 Qe5 38. Qd3 Qh5 39. Qa6 Qf3
40. Qxa7 Nf4 41. Bb4 Qh1# 0-1

[Event "Montreal CC-ch"]
[Site "Montreal CAN"]
[Date "2019.06.09"]
[Round "5.4"]
[White "Jacquet, Stephane"]
[Black "Tanaka, Tyler"]
[Result "0-1"]
[WhiteElo "2012"]
[BlackElo "2230"]
[PlyCount "90"]
[EventDate "2019.06.07"]
[EventType "swiss"]
[EventRounds "5"]
[EventCountry "CAN"]

1. d4 Nf6 2. c4 g6 3. Nc3 Bg7 4. e4 d6 5. Nf3 O-O 6. Be2 c5 7. O-O cxd4 8. Nxd4
Nc6 9. Nc2 Be6 10. Ne3 Rc8 11. Ncd5 Nxe4 12. f4 f5 13. g4 Qd7 14. Bd3 Nd4 15.
Bxe4 fxe4 16. Bd2 Bxd5 17. Nxd5 Nf3+ 18. Kh1 Nxd2 19. Qxd2 Kh8 20. Rac1 e6 21.
Ne3 Rcd8 22. Rcd1 Qc6 23. b4 b5 24. Rc1 bxc4 25. Rxc4 Qa8 26. Rc7 d5 27. f5 d4
28. Qb2 Qb8 29. Re7 Rde8 30. Rxg7 Kxg7 31. Qxd4+ Kg8 32. f6 h6 33. g5 Qd8 34.
Qe5 h5 35. Rd1 Qb8 36. Qxe4 Qa8 37. Rd5 Kh7 38. Rd7+ Kh8 39. Nd5 Qc6 40. Qxg6
Qxd7 41. Nf4 Qh7 42. Qxh5 Qxh5 43. Nxh5 Kh7 44. Nf4 e5 45. g6+ Kh6 0-1

[Event "Montreal CC-ch"]
[Site "Montreal CAN"]
[Date "2019.06.09"]
[Round "5.5"]
[White "Feoktistov, Dmitri"]
[Black "Nesterov, Timour"]
[Result "1-0"]
[WhiteElo "2218"]
[BlackElo "1911"]
[PlyCount "83"]
[EventDate "2019.06.07"]
[EventType "swiss"]
[EventRounds "5"]
[EventCountry "CAN"]

1. d4 e6 2. c4 f5 3. g3 Nf6 4. Bg2 Be7 5. Nf3 O-O 6. O-O Ne4 7. Nc3 Bf6 8. Qc2
Nxc3 9. bxc3 d6 10. Ba3 Rf7 11. e4 Nc6 12. Rad1 Qe8 13. Rfe1 f4 14. gxf4 Be7
15. f5 exf5 16. e5 Qf8 17. e6 Rf6 18. d5 Na5 19. Qa4 b6 20. Bb4 Nxc4 21. Bf1
Rg6+ 22. Kh1 Nb2 23. Qc6 Nxd1 24. Rxd1 Rb8 25. Qxc7 Bb7 26. Qc4 Rc8 27. Qd3 a5
28. Ba3 Rg4 29. Nd2 Qf6 30. c4 Qxe6 31. f3 Qg6 32. fxg4 Qxg4 33. Qe2 Qg5 34.
Bxd6 Bf6 35. Nf3 Qg6 36. Re1 h6 37. Bh3 Ba6 38. Qe6+ Kh8 39. Bxf5 Qh5 40. Bg4
Qg6 41. Nh4 Qg5 42. Bf5 1-0

[Event "Montreal CC-ch"]
[Site "Montreal CAN"]
[Date "2019.06.09"]
[Round "5.6"]
[White "O'Neill, Brendon"]
[Black "Pomerantz, Daniel"]
[Result "1-0"]
[WhiteElo "1800"]
[BlackElo "2191"]
[PlyCount "117"]
[EventDate "2019.06.07"]
[EventType "swiss"]
[EventRounds "5"]
[EventCountry "CAN"]

1. e4 c5 2. Nf3 e6 3. d4 cxd4 4. Nxd4 Nc6 5. Be3 a6 6. Be2 Nf6 7. Bf3 Ne5 8.
Nd2 Be7 9. Be2 d5 10. f4 Nc6 11. e5 Nd7 12. O-O Nxd4 13. Bxd4 Bc5 14. Nf3 Qb6
15. Rb1 O-O 16. c3 Qc7 17. Bd3 f6 18. Kh1 Rf7 19. Qc2 Nf8 20. Qf2 Bxd4 21. cxd4
Bd7 22. g4 Rc8 23. h4 Bb5 24. Bxb5 axb5 25. g5 f5 26. h5 Qc2 27. g6 Rfc7 28.
gxh7+ Nxh7 29. Qg3 Nf8 30. Rg1 Qc6 31. h6 Qe8 32. Rg2 Rc1+ 33. Rxc1 Rxc1+ 34.
Ng1 g6 35. Qg5 Qf7 36. Kh2 Kh7 37. Nf3 Rc4 38. Qd8 Kxh6 39. Kg3 Rc7 40. Rh2+
Kg7 41. Ng5 Qe7 42. Nxe6+ Qxe6 43. Qxc7+ Qf7 44. Qxf7+ Kxf7 45. Rc2 Ne6 46. Rd2
g5 47. fxg5 Nxg5 48. Kf4 Ne4 49. Rc2 Ke6 50. Rc7 Nf2 51. Rxb7 Nd3+ 52. Kg5 f4
53. Rxb5 f3 54. Rb6+ Kd7 55. Rf6 f2 56. Kg4 Nxb2 57. Rxf2 Nd3 58. Rd2 Nc1 59.
Kf5 1-0

[Event "Montreal CC-ch"]
[Site "Montreal CAN"]
[Date "2019.06.09"]
[Round "5.7"]
[White "Sekki, Abderaouf"]
[Black "Tremblay, Alain"]
[Result "1/2-1/2"]
[WhiteElo "1724"]
[BlackElo "2078"]
[PlyCount "59"]
[EventDate "2019.06.07"]
[EventType "swiss"]
[EventRounds "5"]
[EventCountry "CAN"]

1. d4 e6 2. c4 Nf6 3. Nc3 d5 4. Bg5 Be7 5. e3 h6 6. Bh4 O-O 7. Nf3 b6 8. cxd5
exd5 9. Be2 Be6 10. O-O c5 11. b3 Ne4 12. Bxe7 Qxe7 13. Rc1 Rd8 14. Ne5 Nxc3
15. Rxc3 f6 16. Ng6 Qd6 17. dxc5 bxc5 18. Qc2 Nd7 19. Nf4 Bf7 20. Rd1 d4 21.
Qf5 Qe5 22. Qxe5 fxe5 23. exd4 exf4 24. dxc5 Ne5 25. Rxd8+ Rxd8 26. c6 Nxc6 27.
Rxc6 Rd2 28. Kf1 Rxa2 29. Bc4 Bxc4+ 30. Rxc4 1/2-1/2

[Event "Montreal CC-ch"]
[Site "Montreal CAN"]
[Date "2019.06.09"]
[Round "5.8"]
[White "Zheng, Richard"]
[Black "Nica, Ion"]
[Result "1-0"]
[WhiteElo "2165"]
[BlackElo "1661"]
[PlyCount "139"]
[EventDate "2019.06.07"]
[EventType "swiss"]
[EventRounds "5"]
[EventCountry "CAN"]

1. b3 e5 2. Bb2 Nc6 3. e3 d5 4. Bb5 Bd6 5. f4 f6 6. fxe5 fxe5 7. Nf3 Qe7 8.
Bxc6+ bxc6 9. Nxe5 Qh4+ 10. g3 Qh3 11. Qe2 Ne7 12. Qf1 Qh5 13. Qf3 Qxf3 14.
Nxf3 O-O 15. O-O Bh3 16. Rf2 h6 17. Nc3 Rf7 18. Nd1 Raf8 19. Nh4 g5 20. Rxf7
Rxf7 21. Ng2 c5 22. Nf2 Bf5 23. d3 Nc6 24. Rf1 Nb4 25. e4 dxe4 26. dxe4 Bg6 27.
Ng4 Rxf1+ 28. Kxf1 Nxc2 29. Nxh6+ Kh7 30. Ng4 Be7 31. Bf6 Bxf6 32. Nxf6+ Kg7
33. e5 Nb4 34. a3 Nd3 35. Nd5 Nxe5 36. Nxc7 Nf3 37. Ne6+ Kf6 38. Nxc5 Nxh2+ 39.
Kf2 Ng4+ 40. Ke2 Ne5 41. Ne3 Bf7 42. b4 Bh5+ 43. Kf2 Bg6 44. Nd5+ Kf7 45. a4
Ng4+ 46. Kf3 Ne5+ 47. Ke3 Nc4+ 48. Ke2 Bh5+ 49. Kd3 Ne5+ 50. Ke4 Nc6 51. b5
Bg6+ 52. Ke3 Ne5 53. a5 Nc4+ 54. Kd4 Nxa5 55. Kc3 a6 56. Kb4 axb5 57. Kxa5 Bh5
58. Kxb5 Be2+ 59. Kb4 Kg6 60. Ne3 Kf6 61. Ne4+ Kg6 62. Kc5 Bf3 63. Kd4 Be2 64.
Ke5 Bf3 65. Nf5 Kh5 66. Nf6+ Kg6 67. Nd4 Bd1 68. Nd5 Bg4 69. Ne3 Bh5 70. Ke6
1-0

[Event "Montreal CC-ch"]
[Site "Montreal CAN"]
[Date "2019.06.09"]
[Round "5.9"]
[White "Barko, Maxim"]
[Black "Adam, Rafael"]
[Result "1-0"]
[WhiteElo "1863"]
[BlackElo "1667"]
[PlyCount "195"]
[EventDate "2019.06.07"]
[EventType "swiss"]
[EventRounds "5"]
[EventCountry "CAN"]

1. d4 Nf6 2. Bg5 d5 3. e3 e6 4. Bd3 Be7 5. Nd2 h6 6. Bh4 O-O 7. f4 Nbd7 8. Ngf3
b6 9. O-O Bb7 10. Ne5 c5 11. c3 Rc8 12. Qe2 Ne4 13. Bxe7 Qxe7 14. Ndf3 Kh7 15.
Nxd7 Qxd7 16. Ne5 Qe7 17. Qh5 g6 18. Qg4 Rg8 19. Rf3 Rc7 20. Rh3 Kg7 21. Rf1
Bc8 22. Rh4 Rh8 23. Rf3 Qf6 24. Qh3 Qd8 25. Ng4 h5 26. Nf2 Nxf2 27. Rxf2 f5 28.
Qg3 Qe8 29. Qg5 Qe7 30. Qg3 Kf7 31. Rd2 c4 32. Be2 b5 33. Qe1 Rb7 34. a3 a5 35.
g4 fxg4 36. Bxg4 Qf6 37. Bf3 Re7 38. Rh3 Rg8 39. Rg3 Bb7 40. Rg5 Ke8 41. Rdg2
Reg7 42. Qg3 Kf7 43. Bd1 Bc8 44. Bc2 Bd7 45. Qh4 Be8 46. Bd1 a4 47. Qg3 Kf8 48.
Bc2 Kf7 49. Qh4 Bd7 50. h3 Bc6 51. Qe1 Bb7 52. h4 Bc6 53. Re5 Re8 54. Rgg5 Reg8
55. Qg3 Bb7 56. Bd1 Bc8 57. Bf3 Bb7 58. Qg2 Bc6 59. Kf1 Bb7 60. Ke1 Bc6 61. Kd2
Bb7 62. Kc1 Bc6 63. Kb1 Bb7 64. Ka1 Bc6 65. Ka2 Bb7 66. e4 dxe4 67. Bxe4 Bxe4
68. Qxe4 Rb8 69. Rxb5 Rxb5 70. Rxb5 Qxh4 71. Rb7+ Kf8 72. Rb8+ Kf7 73. Qb7+ Qe7
74. Qc6 Kf6 75. Re8 Qf7 76. d5 Rg8 77. Rxe6+ Kf5 78. Qxc4 h4 79. Qe4+ Kg4 80.
f5+ Kg3 81. Qe3+ Kg4 82. Qe4+ Kg3 83. Qe3+ Kg4 84. Re4+ Kh5 85. Qe2+ Kg5 86.
Qg4+ Kf6 87. Re6+ Kg7 88. Rxg6+ Kf8 89. Qb4+ Ke8 90. Qb8+ Kd7 91. Qb7+ Ke8 92.
Qc8+ Ke7 93. Re6+ Qxe6 94. Qxe6+ Kf8 95. f6 Rg6 96. Qe7+ Kg8 97. f7+ Kh7 98.
f8=Q+ 1-0

[Event "Montreal CC-ch"]
[Site "Montreal CAN"]
[Date "2019.06.09"]
[Round "5.10"]
[White "Hernandez, Juan Felipe"]
[Black "Guipi Bopala, Prince Eric jr"]
[Result "1-0"]
[WhiteElo "1598"]
[BlackElo "1845"]
[PlyCount "115"]
[EventDate "2019.06.07"]
[EventType "swiss"]
[EventRounds "5"]
[EventCountry "CAN"]

1. e4 e5 2. Nf3 Nc6 3. d4 exd4 4. Nxd4 Bc5 5. Nb3 Bb6 6. Nc3 a6 7. Qe2 d6 8.
Be3 Bxe3 9. Qxe3 Nf6 10. O-O-O Qe7 11. Qg5 O-O 12. Bd3 b5 13. h4 h6 14. Qd2 Bb7
15. g4 Nxg4 16. Rdg1 h5 17. Nd5 Qd8 18. f3 Nge5 19. Qh6 Ng6 20. Qxh5 Nce5 21.
f4 Nxd3+ 22. cxd3 Bxd5 23. f5 Bxb3 24. fxg6 fxg6 25. Qxg6 Qf6 26. axb3 Qxg6 27.
Rxg6 Rf6 28. Rxf6 gxf6 29. Kd2 Kh7 30. Kc3 c5 31. Rf1 Kg6 32. h5+ Kxh5 33. Rxf6
Rd8 34. b4 cxb4+ 35. Kxb4 Kg5 36. Rf5+ Kg6 37. Ka5 Rc8 38. Kxa6 Rc2 39. Kxb5
Rxb2+ 40. Kc6 Rb3 41. Rd5 Kf6 42. Rxd6+ Ke5 43. Rd5+ Ke6 44. d4 Rc3+ 45. Rc5
Rd3 46. d5+ Ke5 47. Rc4 Rd1 48. Kc7 Ra1 49. Rc6 Ra7+ 50. Kb6 Re7 51. Rc7 Re8
52. Kc6 Kxe4 53. d6 Rf8 54. Re7+ Kf5 55. d7 Rf6+ 56. Kc7 Rf8 57. d8=Q Rxd8 58.
Kxd8 1-0

[Event "Montreal CC-ch"]
[Site "Montreal CAN"]
[Date "2019.06.09"]
[Round "5.12"]
[White "Varfalvy, Peter"]
[Black "Chang, Alexander"]
[Result "0-1"]
[WhiteElo "1576"]
[BlackElo "1958"]
[PlyCount "102"]
[EventDate "2019.06.07"]
[EventType "swiss"]
[EventRounds "5"]
[EventCountry "CAN"]

1. Nf3 Nf6 2. d4 d5 3. Bf4 Bf5 4. e3 e6 5. Bd3 Bxd3 6. Qxd3 Nbd7 7. Nbd2 c5 8.
c3 cxd4 9. cxd4 Nb6 10. b3 Bd6 11. Bxd6 Qxd6 12. O-O O-O 13. Rfc1 Rfc8 14. a4
a5 15. g3 h6 16. Rc3 Rxc3 17. Qxc3 Ne4 18. Nxe4 dxe4 19. Nd2 f5 20. Nc4 Qd8 21.
Nxb6 Qxb6 22. Rc1 Ra6 23. Qc8+ Kh7 24. Rc3 Qb4 25. Qc5 Qxc5 26. Rxc5 Rb6 27.
Rxa5 Rxb3 28. Ra7 Kg6 29. a5 Kf6 30. a6 bxa6 31. Rxa6 Rd3 32. Kg2 g5 33. Ra5
Rd1 34. Re5 Rd2 35. h3 Rd3 36. g4 Rb3 37. Kh2 Rb6 38. Kg3 Rd6 39. f3 exf3 40.
Kxf3 Rd5 41. Rxd5 exd5 42. Kg3 Kg6 43. Kf3 h5 44. Kg3 hxg4 45. hxg4 fxg4 46.
Kxg4 Kf6 47. Kf3 Kf5 48. e4+ dxe4+ 49. Ke3 g4 50. d5 g3 51. d6 Ke6 0-1

[Event "Montreal CC-ch"]
[Site "Montreal CAN"]
[Date "2019.06.09"]
[Round "5.13"]
[White "Vignalou, Joseph"]
[Black "Wang, Isabelle"]
[Result "1-0"]
[WhiteElo "1723"]
[BlackElo "1590"]
[PlyCount "59"]
[EventDate "2019.06.07"]
[EventType "swiss"]
[EventRounds "5"]
[EventCountry "CAN"]

1. e4 e5 2. Nf3 Nc6 3. Bc4 Bc5 4. c3 Nf6 5. d3 O-O 6. O-O h6 7. b4 Bd6 8. Nbd2
Ne7 9. d4 Ng6 10. Qb3 c6 11. Bb2 Bc7 12. Nxe5 Bxe5 13. dxe5 Nxe5 14. Be2 d6 15.
c4 Re8 16. Rad1 Ng6 17. Qc3 Qe7 18. Rfe1 Qe5 19. Qc2 Qe7 20. g3 b6 21. Bf3 Bb7
22. Bg2 c5 23. b5 Qc7 24. Bxf6 gxf6 25. Nf1 a6 26. Ne3 axb5 27. Nf5 bxc4 28.
Nxh6+ Kh7 29. Nf5 d5 30. Qd2 1-0

[Event "Montreal Summer Classic"]
[Site "Montreal CAN"]
[Date "2019.07.31"]
[Round "1.1"]
[White "Eckert, Doug"]
[Black "Plotkin, Mark"]
[Result "0-1"]
[WhiteElo "2123"]
[BlackElo "2357"]
[PlyCount "74"]
[EventDate "2019.07.31"]
[EventType "tourn"]
[EventRounds "9"]
[EventCountry "CAN"]
[EventCategory "3"]
[Source "Mark Crowther"]
[SourceDate "2019.08.05"]

1. d4 g6 2. c4 Bg7 3. e4 d6 4. Nc3 Nf6 5. Nf3 O-O 6. Be2 e5 7. d5 c5 8. O-O Nh5
9. Ne1 Nf4 10. Bf3 f5 11. Nd3 Nxd3 12. Qxd3 Nd7 13. Bd2 Nf6 14. g3 f4 15. Bg2
g5 16. f3 h5 17. Rab1 a5 18. Ne2 Bd7 19. b3 b5 20. cxb5 Qb6 21. Qc2 Bxb5 22.
Rf2 Qa6 23. Re1 Bd3 24. Qd1 a4 25. Nc3 axb3 26. axb3 g4 27. fxg4 Nxg4 28. Rf3
c4 29. Bh3 Qb6+ 30. Kh1 Rf6 31. bxc4 Nf2+ 32. Rxf2 Qxf2 33. gxf4 exf4 34. Rg1
f3 35. Bg5 Qxg1+ 36. Qxg1 f2 37. Qd1 f1=Q+ 0-1

[Event "Montreal Summer Classic"]
[Site "Montreal CAN"]
[Date "2019.07.31"]
[Round "1.2"]
[White "Kaufman, Raymond"]
[Black "Giannatos, Peter"]
[Result "1/2-1/2"]
[WhiteElo "2301"]
[BlackElo "2259"]
[PlyCount "40"]
[EventDate "2019.07.31"]
[EventType "tourn"]
[EventRounds "9"]
[EventCountry "CAN"]
[EventCategory "3"]
[Source "Mark Crowther"]
[SourceDate "2019.08.05"]

1. e4 Nf6 2. e5 Nd5 3. d4 d6 4. c4 Nb6 5. exd6 cxd6 6. Nc3 g6 7. Be3 Bg7 8. Rc1
O-O 9. b3 Bf5 10. Nf3 d5 11. Be2 Nc6 12. c5 Nc8 13. O-O Bg4 14. b4 a6 15. h3
Bxf3 16. Bxf3 e6 17. Ne2 N8e7 18. Qb3 Nf5 19. Rfd1 Nh4 20. Bf4 Nf5 1/2-1/2

[Event "Montreal Summer Classic"]
[Site "Montreal CAN"]
[Date "2019.07.31"]
[Round "1.4"]
[White "Rosen, Eric"]
[Black "Rodrigue-Lemieux, Shawn"]
[Result "1/2-1/2"]
[WhiteElo "2345"]
[BlackElo "2257"]
[PlyCount "137"]
[EventDate "2019.07.31"]
[EventType "tourn"]
[EventRounds "9"]
[EventCountry "CAN"]
[EventCategory "3"]
[Source "Mark Crowther"]
[SourceDate "2019.08.05"]

1. c4 Nf6 2. Nc3 e6 3. e4 d5 4. cxd5 exd5 5. e5 d4 6. exf6 dxc3 7. Bb5+ c6 8.
Qe2+ Be6 9. Bc4 Qxf6 10. dxc3 Bc5 11. Bxe6 Qxe6 12. Qxe6+ fxe6 13. Nf3 O-O 14.
O-O Nd7 15. Re1 Rae8 16. Be3 Rf5 17. Rad1 Nf6 18. Bxc5 Rxc5 19. Rd6 e5 20. Rd2
e4 21. Nd4 Rd5 22. Rde2 Kf7 23. h3 c5 24. Nb5 Rd7 25. c4 a6 26. Nc3 Rd4 27. b3
h5 28. Nd1 Red8 29. Ne3 R8d7 30. g4 hxg4 31. Nxg4 Nxg4 32. hxg4 e3 33. f3 Rd2
34. Kf1 Rxe2 35. Kxe2 Rd2+ 36. Kxe3 Rxa2 37. Rd1 Ke6 38. f4 g6 39. Rd5 Rb2 40.
Rxc5 Rxb3+ 41. Ke4 Rb1 42. Re5+ Kf6 43. g5+ Kf7 44. Rc5 Re1+ 45. Kf3 Re7 46.
Kg4 Rd7 47. Kf3 Re7 48. Kg3 Rd7 49. Kg4 Kg7 50. Rc8 Kf7 51. Kf3 Re7 52. Rd8 Rc7
53. Rd6 Rxc4 54. Rd7+ Kf8 55. Rxb7 a5 56. Rb8+ Kf7 57. Rb7+ Kf8 58. Rb6 Kf7 59.
Ke3 a4 60. Rf6+ Kg7 61. Ra6 Rb4 62. Ra7+ Kf8 63. Kf3 Rc4 64. Ra5 Kf7 65. Ra6
Rb4 66. Ke3 Kg7 67. Rf6 Rc4 68. Rb6 Kf7 69. Rb7+ 1/2-1/2

[Event "Montreal Summer Classic"]
[Site "Montreal CAN"]
[Date "2019.07.31"]
[Round "1.5"]
[White "Yu, Zong Yang"]
[Black "Duong, Thanh Nha"]
[Result "0-1"]
[WhiteElo "2396"]
[BlackElo "2230"]
[PlyCount "70"]
[EventDate "2019.07.31"]
[EventType "tourn"]
[EventRounds "9"]
[EventCountry "CAN"]
[EventCategory "3"]
[Source "Mark Crowther"]
[SourceDate "2019.08.05"]

1. d4 Nf6 2. c4 g6 3. Nc3 d5 4. cxd5 Nxd5 5. e4 Nxc3 6. bxc3 Bg7 7. Nf3 c5 8.
Be3 Qa5 9. Qd2 O-O 10. Rc1 cxd4 11. cxd4 Qxd2+ 12. Nxd2 Rd8 13. Nb3 e6 14. e5
Bd7 15. Bc4 Nc6 16. O-O Ne7 17. Bg5 Re8 18. Na5 Rab8 19. Rb1 b6 20. Nb3 h6 21.
Be3 Bc6 22. Rbc1 Bb7 23. Rc2 Rbc8 24. Rfc1 Bf8 25. f3 Nf5 26. Bf2 Ba3 27. Rd1
Ba6 28. Bd3 Bxd3 29. Rxc8 Rxc8 30. Rxd3 Ne7 31. Be3 Kg7 32. Rd1 Nd5 33. Bc1 Nc3
34. Re1 Bxc1 35. Nxc1 Rc4 0-1